|
|
|
|
| LEADER |
03337nam a22005655i 4500 |
| 001 |
978-1-4020-7765-4 |
| 003 |
DE-He213 |
| 005 |
20151204145540.0 |
| 007 |
cr nn 008mamaa |
| 008 |
100301s2004 xxu| s |||| 0|eng d |
| 020 |
|
|
|a 9781402077654
|9 978-1-4020-7765-4
|
| 024 |
7 |
|
|a 10.1007/b105390
|2 doi
|
| 040 |
|
|
|d GrThAP
|
| 050 |
|
4 |
|a QA76.76.A65
|
| 072 |
|
7 |
|a UB
|2 bicssc
|
| 072 |
|
7 |
|a COM018000
|2 bisacsh
|
| 082 |
0 |
4 |
|a 004
|2 23
|
| 100 |
1 |
|
|a Flierl, Markus.
|e author.
|
| 245 |
1 |
0 |
|a Video Coding with Superimposed Motion-Compensated Signals
|h [electronic resource] :
|b Applications to H.264 and Beyond /
|c by Markus Flierl, Bernd Girod.
|
| 264 |
|
1 |
|a Boston, MA :
|b Springer US,
|c 2004.
|
| 300 |
|
|
|a XI, 161 p.
|b online resource.
|
| 336 |
|
|
|a text
|b txt
|2 rdacontent
|
| 337 |
|
|
|a computer
|b c
|2 rdamedia
|
| 338 |
|
|
|a online resource
|b cr
|2 rdacarrier
|
| 347 |
|
|
|a text file
|b PDF
|2 rda
|
| 490 |
1 |
|
|a The International Series in Engineering and Computer Science,
|x 0893-3405 ;
|v 760
|
| 505 |
0 |
|
|a Background and Related Work -- Motion-Compensated Prediction with Complementary Hypotheses -- ITU-T Rec. H.263 and Superimposed Prediction -- ITU-T Rec. H.264 and Generalized B-Pictures -- Motion Compensation for Groups of Pictures -- Summary.
|
| 520 |
|
|
|a Appendices 133 A Mathematical Results 133 A.1 Singularities of the Displacement Error Covariance Matrix 133 A.2 A Class of Matrices and their Eigenvalues 134 A.3 Inverse of the Power Spectral Density Matrix 134 A.4 Power Spectral Density of a Frame 136 Glossary 137 References 141 Index 159 Preface This book aims to capture recent advances in motion compensation for - ficient video compression. It investigates linearly combined motion comp- sated signals and generalizes the well known superposition for bidirectional prediction in B-pictures. The number of superimposed signals and the sel- tion of reference pictures will be important aspects of the discussion. The application oriented part of the book employs this concept to the well known ITU-T Recommendation H.263 and continues with the improvements by superimposed motion-compensated signals for the emerging ITU-T R- ommendation H.264 and ISO/IEC MPEG-4 (Part 10). In addition, it discusses a new approach for wavelet-based video coding. This technology is currently investigated by MPEG to develop a new video compression standard for the mid-term future.
|
| 650 |
|
0 |
|a Computer science.
|
| 650 |
|
0 |
|a Coding theory.
|
| 650 |
|
0 |
|a Multimedia information systems.
|
| 650 |
|
0 |
|a Image processing.
|
| 650 |
|
0 |
|a Application software.
|
| 650 |
|
0 |
|a Electrical engineering.
|
| 650 |
1 |
4 |
|a Computer Science.
|
| 650 |
2 |
4 |
|a Computer Applications.
|
| 650 |
2 |
4 |
|a Electrical Engineering.
|
| 650 |
2 |
4 |
|a Image Processing and Computer Vision.
|
| 650 |
2 |
4 |
|a Multimedia Information Systems.
|
| 650 |
2 |
4 |
|a Signal, Image and Speech Processing.
|
| 650 |
2 |
4 |
|a Coding and Information Theory.
|
| 700 |
1 |
|
|a Girod, Bernd.
|e author.
|
| 710 |
2 |
|
|a SpringerLink (Online service)
|
| 773 |
0 |
|
|t Springer eBooks
|
| 776 |
0 |
8 |
|i Printed edition:
|z 9781402077593
|
| 830 |
|
0 |
|a The International Series in Engineering and Computer Science,
|x 0893-3405 ;
|v 760
|
| 856 |
4 |
0 |
|u http://dx.doi.org/10.1007/b105390
|z Full Text via HEAL-Link
|
| 912 |
|
|
|a ZDB-2-ENG
|
| 912 |
|
|
|a ZDB-2-BAE
|
| 950 |
|
|
|a Engineering (Springer-11647)
|